000 00342 a2200157 4500
001 44551
020 _a8576751755
040 _cAnchieta - Aquarius
100 _aMontoro, Suzana
240 1 0 _a=Em busca da sombra
_lpor
245 1 0 _a=Em busca da sombra
300 _a69
362 0 _a2007
650 4 _aLiteratura brasileira
942 _cBK
999 _c44551
_d44551